<?xml version="1.0" encoding="UTF-8"?>
<record
    xmlns:xsi="http://www.w3.org/2001/XMLSchema-instance"
    xsi:schemaLocation="http://www.loc.gov/MARC21/slim http://www.loc.gov/standards/marcxml/schema/MARC21slim.xsd"
    xmlns="http://www.loc.gov/MARC21/slim">

  <leader>03149nam a2200301 a 4500</leader>
  <controlfield tag="008">121101t1991    ag  |||f |||| 001 0 spa d</controlfield>
  <datafield tag="020" ind1=" " ind2=" ">
    <subfield code="a">9502513460</subfield>
  </datafield>
  <datafield tag="041" ind1=" " ind2=" ">
    <subfield code="a">spa</subfield>
  </datafield>
  <datafield tag="092" ind1=" " ind2=" ">
    <subfield code="c">344</subfield>
    <subfield code="l">4</subfield>
    <subfield code="s">ARR</subfield>
  </datafield>
  <datafield tag="100" ind1="1" ind2=" ">
    <subfield code="a">Arrue, Wille</subfield>
    <subfield code="9">3097</subfield>
  </datafield>
  <datafield tag="245" ind1="3" ind2=" ">
    <subfield code="a">De "La m&#xE9;dica" y la terap&#xE9;utica. </subfield>
    <subfield code="b">La gesti&#xF3;n intercultural de la salud en el sur de la Provincia de Neuqu&#xE9;n /</subfield>
    <subfield code="c">Wille Arrue</subfield>
  </datafield>
  <datafield tag="250" ind1=" " ind2=" ">
    <subfield code="a">1a ed.</subfield>
  </datafield>
  <datafield tag="260" ind1=" " ind2=" ">
    <subfield code="a">Neuqu&#xE9;n [ARG.]:</subfield>
    <subfield code="b">Bibliotecas Universitarias Centro Editor de Am&#xE9;rica Latina;</subfield>
    <subfield code="c">1991.</subfield>
  </datafield>
  <datafield tag="300" ind1=" " ind2=" ">
    <subfield code="a">288 p.</subfield>
  </datafield>
  <datafield tag="500" ind1=" " ind2=" ">
    <subfield code="a">Arr&#xFA;e, W. y Kalansky, B. (1991). De "la m&#xE9;dica" y la terap&#xE9;utica. La gesti&#xF3;n intercultural de la salud en el sur de la Provincia de Neuqu&#xE9;n. (1a ed.). Neuqu&#xE9;n : Bibliotecas Universitarias Centro Editor de Am&#xE9;rica Latina.</subfield>
  </datafield>
  <datafield tag="505" ind1=" " ind2=" ">
    <subfield code="a">En el sur de la provincia del Neuqu&#xE9;n, regi&#xF3;n poblada hasta fines del siglo XIX por el pueblo mapuche, el &#xE1;mbito de la salud es objeto de confrontaci&#xF3;n social entre la medicina oficial y la medicina popular -oponentes desiguales. Este libro surge del quehacer cotidiano de un equipo interdisciplinario que indagando esa confrontaci&#xF3;n procur&#xF3; delimitar un espacio de gesti&#xF3;n intercultural de la salud. Doctores y "m&#xE9;dicas", agentes sanitarios y enfermeras, pobladores e instituciones sociales, demuestran a trav&#xE9;s de la pr&#xE1;ctica investigativa sobre la enfermedad y la salud que la tarea sanitaria es mucho m&#xE1;s compleja que aliviar el dolor del &#xF3;rgano.
Willie Arr&#xFA;e y Beatriz Kalisnky, director y coordinadora de campo del proyecto de Investigaci&#xF3;n "Salud y Participaci&#xF3;n Social. Una propuesta de investigaci&#xF3;n sobre un estilo local de conocimiento", exponen ante el lector los resultados de la tarea realizada y nos develan que la medicina popular ha logrado inscribir significados dentro del sistema oficial, no solo respecto de la construcci&#xF3;n de la experiencia del sufrimiento sino tambi&#xE9;n de los procesos curativos. La pr&#xE1;ctica de la gesti&#xF3;n conjunta de curadores populares y m&#xE9;dicos mediante la presencia de articuladores interculturales en los equipos de salud -los agentes sanitarios en espacial- es un ejemplo rotundo de cambio en los estilos oficiales hasta ahora vigentes, hecho que marca un avance en el camino de la democratizaci&#xF3;n de la salud. Y este libro es su testimonio. </subfield>
  </datafield>
  <datafield tag="590" ind1=" " ind2=" ">
    <subfield code="a">Donaci&#xF3;n Gisela Lillo, Proyecto 4to libro</subfield>
  </datafield>
  <datafield tag="653" ind1=" " ind2="3">
    <subfield code="a">La diversidad de las perspectivas formales de la salud mental</subfield>
  </datafield>
  <datafield tag="653" ind1=" " ind2="4">
    <subfield code="a">Las pr&#xE1;cticas locales del cuidado de la salud</subfield>
  </datafield>
  <datafield tag="653" ind1=" " ind2="3">
    <subfield code="a">Un panorama comparativo de las pr&#xE1;cticas de saud</subfield>
  </datafield>
  <datafield tag="653" ind1=" " ind2=" ">
    <subfield code="a">Algunas notas de convergencia entre las pr&#xE1;cticas oficial y popular de la salud. Experiencia persoanl con las "medicinas"</subfield>
  </datafield>
  <datafield tag="653" ind1=" " ind2="4">
    <subfield code="a">Los abordajes conjuntos: la cogesti&#xF3;n intercultural de la salud en el marco de la Atenci&#xF3;n Primaria</subfield>
  </datafield>
  <datafield tag="653" ind1=" " ind2=" ">
    <subfield code="a">Hacia un espacio local de cogesti&#xF3;n en salud mental</subfield>
  </datafield>
  <datafield tag="653" ind1=" " ind2="4">
    <subfield code="a">Los lugares y la "gente de la tierra"</subfield>
  </datafield>
  <datafield tag="653" ind1=" " ind2=" ">
    <subfield code="a">Anexo 1: El plan de Salud en Neuqu&#xE9;n. Anexo 2: Departamento de Catan-Lil. Anexo 3: Personas que participaron en la construcci&#xF3;n de esta tarea</subfield>
  </datafield>
  <datafield tag="700" ind1="1" ind2=" ">
    <subfield code="a">Kalansky, Beatriz</subfield>
    <subfield code="9">3098</subfield>
  </datafield>
  <datafield tag="942" ind1=" " ind2=" ">
    <subfield code="2">ddc</subfield>
    <subfield code="c">BK</subfield>
  </datafield>
  <datafield tag="999" ind1=" " ind2=" ">
    <subfield code="c">2294</subfield>
    <subfield code="d">2294</subfield>
  </datafield>
  <datafield tag="952" ind1=" " ind2=" ">
    <subfield code="0">0</subfield>
    <subfield code="1">0</subfield>
    <subfield code="2">ddc</subfield>
    <subfield code="4">0</subfield>
    <subfield code="7">0</subfield>
    <subfield code="a">BFM</subfield>
    <subfield code="b">BFM</subfield>
    <subfield code="c">CR</subfield>
    <subfield code="d">2017-02-20</subfield>
    <subfield code="e">Donaci&#xF3;n Gisela Lillo, 2016</subfield>
    <subfield code="l">0</subfield>
    <subfield code="o">344 4 ARR</subfield>
    <subfield code="p">3739</subfield>
    <subfield code="r">2017-02-20</subfield>
    <subfield code="t">Ej.1</subfield>
    <subfield code="w">2017-02-20</subfield>
    <subfield code="y">BK</subfield>
    <subfield code="z">Proyecto 4to Libro. Donaci&#xF3;n Gisela Lillo, 2016</subfield>
  </datafield>
</record>
